Le voleur de Parcurs

Na minha lista:
Detalhes bibliográficos
Autor principal: Harel, Simon
Formato: Livro
Idioma:Undetermined
Publicado em: Quebec, Canadá Le Préambule 1989
Assuntos:
Tags: Adicionar Tag
Sem tags, seja o primeiro a adicionar uma tag!

MARC

LEADER 00000nam a2200000Ia 4500
008 170316s9999 xx 000 0 und d
090 |a 801 H-3v 
100 |a Harel, Simon 
245 |a Le voleur de Parcurs 
260 |a Quebec, Canadá 
260 |b Le Préambule 
260 |c 1989 
300 |a 309 páginas 
650 |a TEORÍA LITERARIA 
999 |c 20356  |d 20356 
040 |a cru BVZT 
942 |c 15 D  |h 801 H-3v  |2 z